International relations and world politics : security, economy, identity / (Record no. 9181)

MARC details
000 -LEADER
fixed length control field 01176nac a22003011u 4500
010 ## - LIBRARY OF CONGRESS CONTROL NUMBER
LC control number 2005036329
020 ## - INTERNATIONAL STANDARD BOOK NUMBER
International Standard Book Number 0131844156 (pbk.)
035 ## - SYSTEM CONTROL NUMBER
System control number (OCoLC)ocm62679851
082 00 - DEWEY DECIMAL CLASSIFICATION NUMBER
Classification number 327.101
Item number VIO
090 ## - LOCALLY ASSIGNED LC-TYPE CALL NUMBER (OCLC); LOCAL CALL NUMBER (OCLC)
-- 9181
-- 9181
100 ## - MAIN ENTRY--PERSONAL NAME
Personal name Viotti, Paul R.
245 10 - TITLE STATEMENT
Title International relations and world politics : security, economy, identity /
Statement of responsibility, etc Paul R. Viotti, Mark V. Kauppi.
250 ## - EDITION STATEMENT
Edition statement 3rd ed.
260 ## - PUBLICATION, DISTRIBUTION, ETC. (IMPRINT)
Place of publication, distribution, etc Upper Saddle River, N.J. :
Name of publisher, distributor, etc Pearson/Prentice Hall,c2007.
Date of publication, distribution, etc c2007.
300 ## - PHYSICAL DESCRIPTION
Extent xvi, 584 p. :
Other physical details ill. (some col.), col. maps ;
Dimensions 26 cm.
500 ## - GENERAL NOTE
General note Distributer: Sphinx.
504 ## - BIBLIOGRAPHY, ETC. NOTE
Bibliography, etc Includes bibliographical references and index.
511 ## - PARTICIPANT OR PERFORMER NOTE
Participant or performer note Catalogued By: Mahitab.
650 #0 - SUBJECT ADDED ENTRY--TOPICAL TERM
Topical term or geographic name as entry element World politics
Chronological subdivision 1989-
650 #0 - SUBJECT ADDED ENTRY--TOPICAL TERM
Topical term or geographic name as entry element International relations.
650 #0 - SUBJECT ADDED ENTRY--TOPICAL TERM
Topical term or geographic name as entry element Security, International.
650 #0 - SUBJECT ADDED ENTRY--TOPICAL TERM
Topical term or geographic name as entry element International trade.
650 #0 - SUBJECT ADDED ENTRY--TOPICAL TERM
Topical term or geographic name as entry element Nationalism.
700 1# - ADDED ENTRY--PERSONAL NAME
Personal name Kauppi, Mark V.
856 41 - ELECTRONIC LOCATION AND ACCESS
Materials specified Table of contents only
Uniform Resource Identifier <a href="http://www.loc.gov/catdir/toc/ecip065/2005036329.html">http://www.loc.gov/catdir/toc/ecip065/2005036329.html</a>
942 ## - ADDED ENTRY ELEMENTS (KOHA)
Item type Book - Borrowing
Call number prefix 327.101VIO
Holdings
Withdrawn status Item status Damaged status Not for loan Home library Current library Shelving location Date acquired Source of acquisition Total Checkouts Total Renewals Full call number Barcode Date last seen Date last borrowed Koha item type
        Central Library Central Library First floor 17/04/2008 Purchase 7 6 327.101VIO 000011267 15/07/2025 04/04/2016 Book - Borrowing